Provinciehoofdsteden BE&NL - Statistieken

Algemene statistieken
  • Deze quiz is 17 keer genomen
  • De gemiddelde score is 19 van 22
Antwoordstatistieken
Hint Antwoord % Correct
West-Vlaanderen Brugge
100%
Limburg (NL) Maastricht
100%
Antwerpen Antwerpen
92%
Gelderland Arnhem
92%
Zuid-Holland Den Haag
92%
Oost-Vlaanderen Gent
92%
Groningen Groningen
92%
Noord-Holland Haarlem
92%
Friesland Leeuwarden
92%
Flevoland Lelystad
92%
Luik Luik
92%
Utrecht Utrecht
92%
Drenthe Assen
85%
Limburg (BE) Hasselt
85%
Vlaams-Brabant Leuven
85%
Zeeland Middelburg
85%
Namen Namen
85%
Overijssel Zwolle
85%
Noord-Brabant 's-Hertogenbosch
77%
Henegouwen Bergen
69%
Waals-Brabant Waver
62%
Luxemburg Aarlen
54%
Geen overeenkomende quizzen gevonden
Scoreverdeling
Procent van Mensen met Elke Score
Percentiel versus Aantal Correcte Antwoorden
Uw Scoregeschiedenis
U heeft deze quiz nog niet genomen